| 000 | 00417cam a2200145ua 4500 | ||
|---|---|---|---|
| 041 |
_aeng _h |
||
| 082 |
_a828.09 _bURE/YE |
||
| 100 | _aUre, Peter . | ||
| 245 |
_aYeats the playwright: A commentary on character and design in the major plays / _cPeter Ure. _hTextual Documents |
||
| 260 |
_aLondon : _bRoutledge & Kegan Paul Ltd , _c1963. |
||
| 300 | _a183 ; . | ||
| 504 | _a | ||
| 942 | _cBK | ||
| 999 |
_c11381 _d11381 |
||